| 000 | 00482nam a2200205Ia 4500 | ||
|---|---|---|---|
| 003 | OSt | ||
| 005 | 20221007082235.0 | ||
| 006 | a|||||r|||| 00| 0 | ||
| 007 | ta | ||
| 008 | 221006b |||||||| |||| 00| 0 eng d | ||
| 024 | _a21,424 | ||
| 037 | _cTextual | ||
| 040 |
_aFLL _cFLL _beng |
||
| 041 |
_2eng _aeng |
||
| 082 | _aZ1H81, K2;7 | ||
| 245 | 0 | _aInternational Law | |
| 300 |
_aliii,848p _ccm. |
||
| 942 |
_hZ1H81, K2;7 _cTEXL _2CC |
||
| 999 |
_c1165790 _d1165790 |
||